[Event "POLFINAL MISTRZOSTW POLSKI JUNIOROW 2016 - C15"]
[Site "Centrum Kongresow i Rekreacji Orle Gniazdo ul. Wrzosowa 28a, Szczyrk"]
[Date "1899-12-30"]
[Round "7.13"]
[White "Dyrda, Jakub"]
[Black "Jordan, Adam"]
[Result "1-0"]
[WhiteTitle "II"]
[BlackTitle "II"]
[WhiteElo "1575"]
[BlackElo "1377"]

1. d4 d5 2. Bg5 Nf6 3. Bxf6 gxf6 4. e3 e6 5. c4 c6 6. Nc3 Bd6 7. Qh5 Qb6 8. O-O-O
Bb4 9. Nge2 Qa5 10. a3 Be7 11. e4 b5 12. cxd5 cxd5 13. exd5 b4 14. axb4 Bxb4 15.
Qf3 Na6 16. dxe6 Rb8 17. Qc6+ Kf8 18. exf7 Bf5 19. Qa4 Qxa4 20. Nxa4 Rc8+ 21.
Nec3 Nc7 22. Bd3 Bg6 23. Bxg6 hxg6 24. Kb1 Kxf7 25. h3 Rhe8 26. d5 Rcd8 27. Ka2
Re5 28. Rd4 Bxc3 29. Nxc3 Nxd5 30. Ka1 g5 31. Rhd1 Nxc3 32. bxc3 Rxd4 33. Rxd4
Re1+ 34. Kb2 Re2+ 35. Kb3 Ke7 36. Ra4 Rxf2 37. Rxa7+ Kd6 38. Ra2 Rf4 39. Ra4 Rf2
40. Ra2 Rf4 41. c4 Kc5 42. Ra5+ Kc6 43. Kb4 Rf2 44. Ra6+ Kb7 45. Re6 Rxg2 46.
Rxf6 Rg3 47. Rh6 Rg1 48. Kc5 Rc1 49. Rh7+ Kc8 50. Rg7 Rc3 51. Rh7 Rc1 52. Kd5
Rd1+ 53. Kc6 Kd8 54. c5 Rc1 55. Rd7+ Ke8 56. Rd5 Rc4 57. Rxg5 1-0

[Event "POLFINAL MISTRZOSTW POLSKI JUNIOROW 2016 - C15"]
[Site "Centrum Kongresow i Rekreacji Orle Gniazdo ul. Wrzosowa 28a, Szczyrk"]
[Date "1899-12-30"]
[Round "7.14"]
[White "Wilk, Radoslaw"]
[Black "Byra, Aron"]
[Result "1-0"]
[WhiteTitle "II"]
[BlackTitle "II"]
[WhiteElo "1499"]
[BlackElo "1232"]

1. d4 e6 2. Nf3 d5 3. Bg5 Be7 4. Bxe7 Nxe7 5. e3 Bd7 6. c3 O-O 7. Nbd2 Nbc6 8.
Bd3 h6 9. Qe2 Ng6 10. h4 f5 11. O-O-O Qf6 12. Bb5 a6 13. Bxc6 Bxc6 14. h5 Ne7
15. Ne5 Be8 16. f4 Nc6 17. Ndf3 Qe7 18. Rdg1 Nxe5 19. Nxe5 c5 20. g4 fxg4 21.
Qxg4 cxd4 22. exd4 Qf6 23. Kd1 Qf5 24. Qxg7# 1-0

[Event "POLFINAL MISTRZOSTW POLSKI JUNIOROW 2016 - C15"]
[Site "Centrum Kongresow i Rekreacji Orle Gniazdo ul. Wrzosowa 28a, Szczyrk"]
[Date "1899-12-30"]
[Round "7.15"]
[White "Gazda, Dominik"]
[Black "Zerebiec, Maurycy"]
[Result "1-0"]
[WhiteTitle "II+"]
[BlackTitle "II"]
[WhiteElo "1377"]
[BlackElo "1488"]

1. e4 e6 2. Nf3 d5 3. exd5 exd5 4. d4 Bd6 5. Bd3 Ne7 6. c3 Bf5 7. Bxf5 Nxf5 8.
O-O O-O 9. Qd3 Ne7 10. Bg5 f6 11. Bh4 Ng6 12. Bg3 c6 13. Bxd6 Qxd6 14. Re1 Nd7
15. Nbd2 Rae8 16. Nf1 b5 17. Ng3 a5 18. Nf5 Qb8 19. h4 Rxe1+ 20. Rxe1 Re8 21.
Re3 Nb6 22. b3 Qd8 23. Qe2 Rxe3 24. Qxe3 Kf7 25. h5 Ne7 26. N3h4 Qc7 27. Nxe7
Qxe7 28. Qxe7+ Kxe7 29. Nf5+ Kf7 30. Kf1 g6 31. hxg6+ hxg6 32. Nd6+ Ke6 33. Nb7
a4 34. Ke2 f5 35. Ke3 g5 36. Nd8+ Kd7 37. Nf7 g4 38. Kf4 Ke6 39. Ne5 Nc8 40. Nxc6
Nd6 41. f3 gxf3 42. gxf3 Ne8 43. Na7 Nc7 44. Kg5 b4 45. cxb4 Na6 46. Nc6 axb3
47. axb3 Kd6 48. b5 Nc7 49. b6 Na6 50. Na5 Ke6 51. b7 Nb8 52. b4 Na6 53. b5 Nb8
54. Nc6 1-0

[Event "POLFINAL MISTRZOSTW POLSKI JUNIOROW 2016 - C15"]
[Site "Centrum Kongresow i Rekreacji Orle Gniazdo ul. Wrzosowa 28a, Szczyrk"]
[Date "1899-12-30"]
[Round "7.16"]
[White "Piersiak, Krystian"]
[Black "Radecki, Adam"]
[Result "0-1"]
[WhiteTitle "II"]
[BlackTitle "I"]
[WhiteElo "1461"]
[BlackElo "1456"]

1. e4 d5 2. exd5 Nf6 3. Nc3 Nxd5 4. Nxd5 Qxd5 5. Nf3 Bg4 6. Be2 Nc6 7. d3 O-O-O
8. Be3 f6 9. Qd2 e5 10. a3 Be6 11. b4 g5 12. O-O Nd4 13. Bxd4 exd4 14. c4 Qd7
15. Kh1 h5 16. b5 g4 17. Ng1 h4 18. a4 Kb8 19. a5 Bd6 20. f4 Bf5 21. Rac1 b6 22.
axb6 cxb6 23. Ra1 Rde8 24. Ra6 h3 25. Rfa1 hxg2+ 26. Kxg2 Qb7+ 27. Kf1 Rxh2 28.
Ke1 Qg2 29. Kd1 Qxg1+ 30. Kc2 Rexe2 31. Qxe2 Rxe2+ 32. Kb3 Qe3 0-1

[Event "POLFINAL MISTRZOSTW POLSKI JUNIOROW 2016 - C15"]
[Site "Centrum Kongresow i Rekreacji Orle Gniazdo ul. Wrzosowa 28a, Szczyrk"]
[Date "1899-12-30"]
[Round "7.17"]
[White "Kosztyla, Mateusz"]
[Black "Lendzion, Kamil"]
[Result "0-1"]
[WhiteTitle "II"]
[BlackTitle "II"]
[WhiteElo "1288"]
[BlackElo "1417"]

1. e4 c5 2. Nf3 d6 3. d4 cxd4 4. Nxd4 Nf6 5. Nc3 g6 6. Be3 Bg7 7. Qd2 Nc6 8. f3
O-O 9. g4 Ne5 10. O-O-O Bd7 11. h4 h5 12. g5 Ne8 13. Be2 a5 14. f4 Ng4 15. Bxg4
Bxg4 16. Rdf1 e5 17. fxe5 Bxe5 18. Bf4 a4 19. a3 Nc7 20. Qf2 Ne6 21. Bxe5 dxe5
22. Nf3 Bxf3 23. Qxf3 Nd4 24. Qf2 Qc7 25. Kb1 b5 26. Nd5 Qd6 27. Qd2 Kg7 28. Rf6
Qc5 29. Rh3 Rac8 30. Rc3 Qa7 31. Nb4 Qd7 32. Rxc8 Rxc8 33. c3 Qg4 34. cxd4 Qxe4+
35. Qd3 Qxh4 36. dxe5 Qe1+ 37. Ka2 Qxe5 38. Rxf7+ Kxf7 39. Qd7+ Qe7 40. Qxc8 Qe6+
41. Qxe6+ Kxe6 42. Nd3 Kf5 43. b3 h4 44. Nf2 Kxg5 45. bxa4 bxa4 46. Kb2 Kf4 47.
Nd3+ Ke3 48. Ne5 h3 49. Kc2 Kf4 50. Nd3+ Kg3 0-1

[Event "POLFINAL MISTRZOSTW POLSKI JUNIOROW 2016 - C15"]
[Site "Centrum Kongresow i Rekreacji Orle Gniazdo ul. Wrzosowa 28a, Szczyrk"]
[Date "1899-12-30"]
[Round "7.18"]
[White "Pospiech, Mateusz"]
[Black "Wolak, Kamil"]
[Result "0-1"]
[WhiteTitle "III"]
[BlackTitle "II"]
[WhiteElo "1153"]
[BlackElo "1385"]

1. c4 c6 2. g3 d5 3. cxd5 cxd5 4. Bg2 Nf6 5. Nc3 Bf5 6. e3 e5 7. d4 e4 8. Nge2
Bd6 9. b3 Nc6 10. Bd2 a6 11. Nf4 Bxf4 12. gxf4 O-O 13. f3 Nb4 14. fxe4 dxe4 15.
Bf1 Bg4 16. Be2 Nd3+ 17. Kf1 Bh3+ 18. Kg1 Nxf4 19. exf4 Qxd4+ 20. Be3 Qxe3# 0-1

[Event "POLFINAL MISTRZOSTW POLSKI JUNIOROW 2016 - C15"]
[Site "Centrum Kongresow i Rekreacji Orle Gniazdo ul. Wrzosowa 28a, Szczyrk"]
[Date "1899-12-30"]
[Round "8.1"]
[White "Paliwoda, Borys"]
[Black "Kawalko, Adam"]
[Result "1/2-1/2"]
[WhiteTitle "II+"]
[BlackTitle "II+"]
[WhiteElo "1717"]
[BlackElo "1659"]

1. e4 c5 2. Nf3 e6 3. d4 cxd4 4. Nxd4 a6 5. c4 Qc7 6. Nc3 Nf6 7. Be2 Bb4 8. O-O
Bxc3 9. bxc3 Nxe4 10. Bf3 Nc5 11. Nb3 O-O 12. Qd4 Nxb3 13. axb3 Nc6 14. Bxc6 Qxc6
15. c5 f6 16. Rd1 b6 17. cxb6 Bb7 18. f3 d5 19. Be3 Rfc8 20. Rac1 e5 21. Qg4 Kh8
22. Qf5 Re8 23. Qg4 Rad8 24. Qb4 Rc8 25. Re1 h6 26. Qg4 Qb5 27. Qa4 Qxa4 28. bxa4
Rc4 29. a5 Rec8 30. Bd2 Kg8 31. Kf2 Kf7 32. g3 Ra4 33. Ra1 Rcc4 34. Ke2 Ke6 35.
Kd3 Kd6 36. Kc2 Kc6 37. Kb3 Kb5 38. f4 e4 39. Be3 Rxa5 40. Rxa5+ Kxa5 41. Ra1+
Kb5 42. Bd4 a5 43. h4 Ka6 44. g4 Bc6 45. f5 a4+ 46. Ka3 Kb7 47. h5 Bd7 48. Rb1
Rc8 49. Kb4 Re8 50. Re1 Rc8 51. Rb1 Ra8 52. Ka3 Ra5 53. Rb4 Bb5 54. Rb2 Bc4 55.
Rd2 Ra8 56. Be3 Bd3 57. Bd4 Bc4 58. Be3 Bb3 59. Rb2 Rc8 60. Bd4 Rc4 61. Rd2 Rc8
62. Rb2 Bd1 63. Rg2 Bf3 64. Rg1 Rc4 65. Rg3 Ka6 66. Kb2 Rxd4 67. cxd4 Kxb6 68.
Rg1 e3 69. Kc3 e2 70. Kd2 Kb5 71. Ke3 Bxg4 72. Kd2 Bxh5 73. Rxg7 a3 74. Ra7 Kc4
75. Rxa3 Kxd4 76. Rh3 Bg4 77. Rxh6 Ke5 78. Rh8 Kxf5 79. Rd8 Ke5 80. Re8+ Kd4 81.
Rg8 f5 82. Rf8 Bf3 83. Rxf5 Be4 84. Rxd5+ 1/2-1/2

[Event "POLFINAL MISTRZOSTW POLSKI JUNIOROW 2016 - C15"]
[Site "Centrum Kongresow i Rekreacji Orle Gniazdo ul. Wrzosowa 28a, Szczyrk"]
[Date "1899-12-30"]
[Round "8.2"]
[White "Kukorowski, Jan"]
[Black "Filewicz, Radoslaw"]
[Result "1/2-1/2"]
[WhiteTitle "I"]
[BlackTitle "I"]
[WhiteElo "1700"]
[BlackElo "1827"]

1. e4 d5 2. exd5 Qxd5 3. Nc3 Qd8 4. d4 Nf6 5. Bc4 c6 6. Nf3 Bf5 7. Ne5 e6 8. g4
Be4 9. Nxe4 Nxe4 10. Be3 Nd6 11. Bb3 Nd7 12. Nd3 Be7 13. Qf3 Qa5+ 14. c3 Qb5 15.
Bc2 Nc4 16. O-O-O Qd5 17. Qxd5 cxd5 18. Bf4 Bd6 19. Bxd6 Nxd6 20. Rde1 O-O-O 21.
Ne5 Nxe5 22. Rxe5 Nc4 23. Re2 h5 24. f3 hxg4 25. fxg4 Rh4 26. Rg1 Rdh8 27. Rgg2
a6 28. Bd3 b5 29. Bxc4 bxc4 30. Ref2 Rf8 31. Rf3 Kd7 32. h3 g5 33. b4 Ke7 34.
Kd2 Rfh8 35. Rgg3 R4h7 36. a4 Rh6 37. Re3 R6h7 38. Ke2 Kd6 39. Rgf3 Rf8 40. Rf6
Rfh8 41. Rff3 Rf8 42. Rf6 Rfh8 43. Rff3 1/2-1/2

[Event "POLFINAL MISTRZOSTW POLSKI JUNIOROW 2016 - C15"]
[Site "Centrum Kongresow i Rekreacji Orle Gniazdo ul. Wrzosowa 28a, Szczyrk"]
[Date "1899-12-30"]
[Round "8.3"]
[White "Posluszny, Tomasz"]
[Black "Namyslak, Piotr"]
[Result "1/2-1/2"]
[WhiteTitle "II"]
[BlackTitle "I"]
[WhiteElo "1783"]
[BlackElo "1754"]

1. d4 Nf6 2. c4 g6 3. Nc3 Bg7 4. e4 d6 5. f3 O-O 6. Be3 Nc6 7. Qd2 e5 8. d5 Ne7
9. Nge2 Ne8 10. g4 Kh8 11. O-O-O f5 12. gxf5 gxf5 13. Kb1 Ng6 14. Bg2 Nf6 15.
Rhf1 Qe7 16. b4 a5 17. a3 axb4 18. axb4 Bd7 19. Kb2 fxe4 20. fxe4 Ng4 21. Bg5
Bf6 22. Bxf6+ Rxf6 23. Rxf6 Nxf6 24. Qg5 Rg8 25. Qe3 Nf4 26. Bf3 Ng4 27. Bxg4
Bxg4 28. Rg1 Bxe2 29. Rxg8+ Kxg8 30. Nxe2 Qh4 31. Qg3+ Qxg3 32. Nxg3 Kf7 33. Kc3
Ke7 34. Nf5+ Kd7 35. Ng3 Ke7 36. Nf5+ Kd7 37. Ng3 Ke7 38. Nf5+ Kd7 1/2-1/2

[Event "POLFINAL MISTRZOSTW POLSKI JUNIOROW 2016 - C15"]
[Site "Centrum Kongresow i Rekreacji Orle Gniazdo ul. Wrzosowa 28a, Szczyrk"]
[Date "1899-12-30"]
[Round "8.4"]
[White "Dytman, Radoslaw"]
[Black "Urbanski, Wojciech"]
[Result "1/2-1/2"]
[WhiteTitle "I"]
[BlackTitle "II"]
[WhiteElo "1771"]
[BlackElo "1730"]

1. e4 c5 2. Nf3 a6 3. Nc3 d6 4. d4 cxd4 5. Nxd4 Nf6 6. Be2 e5 7. Nb3 Be6 8. O-O
Nbd7 9. f4 Qc7 10. Be3 Be7 11. Qd3 Rc8 12. Nd5 Bxd5 13. exd5 O-O 14. Rac1 exf4
15. Bxf4 Nc5 16. Qf3 Nxb3 17. Qxb3 Qc5+ 18. Kh1 Qxd5 19. c4 Qc6 20. Bf3 Qd7 21.
Qxb7 Qxb7 22. Bxb7 Rc7 23. Bxa6 Ra8 24. Bb5 Rxa2 25. b3 Nh5 26. Be3 Nf6 27. Rcd1
Rc2 28. Rc1 Ra2 29. Ra1 Rxa1 30. Rxa1 Rc8 31. Ra7 Kf8 32. Bd4 d5 33. Kg1 dxc4
34. bxc4 g6 35. Ra6 Ne4 36. Kf1 Nd2+ 37. Ke2 Nxc4 38. Bxc4 Rxc4 39. Ra8+ Bd8 40.
Rxd8+ Ke7 41. Rd5 Ke6 42. Re5+ Kd6 43. Kd3 Ra4 44. Re8 Ra2 45. Re2 Ra3+ 46. Ke4
Ra4 47. Ke3 Ra3+ 48. Kf2 Ra8 49. Kf3 Ra3+ 50. Re3 Ra8 51. Bf6 Ra7 52. g4 h6 53.
h3 Rb7 54. Kf4 Rb4+ 55. Re4 Rb7 56. Re8 Rb4+ 57. Kg3 Rb3+ 58. Kh4 g5+ 59. Bxg5
hxg5+ 60. Kxg5 Rxh3 61. Kf6 Rf3+ 62. Kg7 Rg3 63. Kxf7 1/2-1/2

[Event "POLFINAL MISTRZOSTW POLSKI JUNIOROW 2016 - C15"]
[Site "Centrum Kongresow i Rekreacji Orle Gniazdo ul. Wrzosowa 28a, Szczyrk"]
[Date "1899-12-30"]
[Round "8.5"]
[White "Rak, Maciej"]
[Black "Poplawski, Maciej"]
[Result "0-1"]
[WhiteTitle "II+"]
[BlackTitle "I"]
[WhiteElo "1619"]
[BlackElo "1875"]

1. e4 c6 2. d4 d5 3. Nc3 dxe4 4. Nxe4 Nf6 5. Nxf6+ exf6 6. Nf3 Bd6 7. Be2 O-O 8.
O-O Re8 9. Re1 Be6 10. c3 Nd7 11. Bd2 Nf8 12. Qc2 Qc7 13. h3 Ng6 14. Bd3 Qd7 15.
Bf1 Bf5 16. Qc1 Be4 17. Be2 Kf8 18. c4 Qf5 19. Kf1 Rad8 20. Qc3 Bf4 21. g4 Qd7
22. Be3 h5 23. Qb4+ Bd6 24. c5 hxg4 25. Ng1 gxh3 26. Bf3 h2 27. Bxe4 Rxe4 28.
cxd6 0-1

[Event "POLFINAL MISTRZOSTW POLSKI JUNIOROW 2016 - C15"]
[Site "Centrum Kongresow i Rekreacji Orle Gniazdo ul. Wrzosowa 28a, Szczyrk"]
[Date "1899-12-30"]
[Round "8.6"]
[White "Kupiecki, Szymon"]
[Black "Marczak, Szymon"]
[Result "0-1"]
[WhiteTitle "II"]
[BlackTitle "I"]
[WhiteElo "1742"]
[BlackElo "1789"]

1. e4 c5 2. c4 e6 3. Nc3 Nc6 4. g3 g6 5. Bg2 Bg7 6. Nge2 Nge7 7. d3 O-O 8. h4 h5
9. O-O d6 10. a3 Bd7 11. Rb1 Nd4 12. Bf4 e5 13. Bg5 f6 14. Be3 a5 15. a4 Nec6
16. Nd5 Be6 17. Nec3 Bxd5 18. Nxd5 Rf7 19. Bxd4 Nxd4 20. Bh3 f5 21. exf5 Nxf5
22. Bxf5 Rxf5 23. Qb3 Rf7 24. Qd1 Qf8 25. Kg2 Re8 26. f3 Bh6 27. Rh1 Rf5 28. Qe2
Qf7 29. Ne3 Bxe3 30. Qxe3 Rf8 31. Rbf1 Qd7 32. b3 Qc6 33. Rf2 Kh7 34. Rhf1 Qb6
35. Rb1 Qc6 36. Rbf1 R8f7 37. Qe4 Qb6 38. Rb1 Qb4 39. Qe1 Qxe1 40. Rxe1 Kg7 41.
Ref1 Re7 42. f4 exf4 43. Rxf4 Rxf4 44. Rxf4 Re2+ 45. Rf2 Re1 46. Rd2 Rb1 47. d4
Rxb3 48. dxc5 dxc5 49. Rd5 b6 50. Rd7+ Kh6 51. Rd6 Rb4 52. Rc6 Rxa4 53. Rxb6 Rxc4
54. Rb5 a4 55. Ra5 Kg7 56. Kf2 Kf6 57. Ke2 Rg4 58. Kf3 Rc4 59. Ke2 Ke6 60. Ra6+
Kf5 61. Kf2 Rb4 62. Ra5 Rc4 63. Ra6 Rc2+ 64. Kf1 Rc3 65. Rxa4 Rxg3 66. Rc4 Rg4
67. Rxc5+ Kf4 68. Rc6 Kg3 69. Kg1 Kxh4+ 70. Kh1 g5 71. Rc3 Ra4 72. Rc2 g4 73.
Kg2 Ra5 74. Rc8 Ra2+ 75. Kg1 Kh3 76. Rh8 h4 0-1

[Event "POLFINAL MISTRZOSTW POLSKI JUNIOROW 2016 - C15"]
[Site "Centrum Kongresow i Rekreacji Orle Gniazdo ul. Wrzosowa 28a, Szczyrk"]
[Date "1899-12-30"]
[Round "8.7"]
[White "Kaminski, Maciej"]
[Black "Dzwierzynski, Bartosz"]
[Result "1/2-1/2"]
[WhiteTitle "I"]
[BlackTitle "II"]
[WhiteElo "1782"]
[BlackElo "1650"]

1. e4 c5 2. Nf3 d6 3. d4 cxd4 4. Nxd4 Nf6 5. Nc3 g6 6. h3 Bg7 7. Bc4 O-O 8. O-O
Nc6 9. Re1 Bd7 10. Bg5 Rc8 11. Bb3 Na5 12. Qd3 a6 13. Rad1 h6 14. Bxf6 Bxf6 15.
e5 Bg7 16. e6 Nxb3 17. exd7 Rxc3 18. bxc3 Nc5 19. Qe2 e6 20. Nb3 Nxb3 21. axb3
Bxc3 22. Rf1 Qxd7 23. Qd3 Bb4 24. c3 Ba5 25. Qxd6 Qxd6 26. Rxd6 Bxc3 27. Rfd1
Kg7 28. Rd8 Rxd8 29. Rxd8 b6 30. Rd6 Ba5 31. Kf1 Kf6 32. Ke2 Ke7 33. Rd4 Bc3 34.
Rc4 Be5 35. Kd3 Bd6 36. Ra4 a5 37. Kc4 Kd7 38. Kb5 Kc7 39. Rc4+ Kb7 40. Rd4 Kc7
41. Rxd6 Kxd6 42. Kxb6 e5 43. Kxa5 f5 44. b4 e4 45. b5 f4 46. Kb4 e3 47. fxe3
fxe3 48. Kc3 Kc5 49. Kd3 Kxb5 50. Kxe3 Kc5 51. Kf4 Kd5 52. g3 Kd6 53. g4 Ke6 54.
h4 h5 55. Ke4 hxg4 56. Kf4 g3 57. Kxg3 Kf5 58. h5 g5 59. Kf3 g4+ 60. Kg3 Kg5 61.
h6 1/2-1/2

[Event "POLFINAL MISTRZOSTW POLSKI JUNIOROW 2016 - C15"]
[Site "Centrum Kongresow i Rekreacji Orle Gniazdo ul. Wrzosowa 28a, Szczyrk"]
[Date "1899-12-30"]
[Round "8.8"]
[White "Polczyk, Mikolaj"]
[Black "Burzak, Wojciech"]
[Result "1-0"]
[WhiteTitle "I"]
[BlackTitle "I"]
[WhiteElo "1793"]
[BlackElo "1624"]

1. e4 c5 2. Nf3 e6 3. d4 cxd4 4. Nxd4 a6 5. Nc3 Qc7 6. Bd3 Nf6 7. O-O Bc5 8. Nb3
Be7 9. Qe2 d6 10. Be3 Nbd7 11. f4 b5 12. a4 b4 13. Na2 a5 14. c3 Nc5 15. Nxc5
dxc5 16. cxb4 cxb4 17. Nc1 O-O 18. Nb3 Bb7 19. Rac1 Qb8 20. Bd4 Rc8 21. Qe3 Rxc1
22. Rxc1 Ba6 23. Bxa6 Rxa6 24. Be5 Qe8 25. Nd4 Ng4 26. Qe2 Nxe5 27. Qxa6 Qxa4
28. Qc8+ Bf8 29. fxe5 b3 30. Qc4 1-0

[Event "POLFINAL MISTRZOSTW POLSKI JUNIOROW 2016 - C15"]
[Site "Centrum Kongresow i Rekreacji Orle Gniazdo ul. Wrzosowa 28a, Szczyrk"]
[Date "1899-12-30"]
[Round "8.9"]
[White "Gazda, Dominik"]
[Black "Jarzebowski, Kacper"]
[Result "0-1"]
[WhiteTitle "II+"]
[BlackTitle "I+"]
[WhiteElo "1377"]
[BlackElo "1852"]

1. e4 c5 2. Nf3 a6 3. c3 g6 4. d4 cxd4 5. cxd4 d5 6. exd5 Nf6 7. Nc3 Nxd5 8. Qb3
Nb6 9. Be3 Be6 10. d5 Nxd5 11. Qxb7 Nxe3 12. fxe3 Nd7 13. Rd1 Rb8 14. Qxa6 Rxb2
15. Bb5 Bg7 16. Qa3 Rxg2 17. Ne4 Rxa2 18. Bxd7+ Qxd7 19. Qxa2 Qxd1+ 20. Kxd1 Bxa2
21. Ke2 O-O 0-1

[Event "POLFINAL MISTRZOSTW POLSKI JUNIOROW 2016 - C15"]
[Site "Centrum Kongresow i Rekreacji Orle Gniazdo ul. Wrzosowa 28a, Szczyrk"]
[Date "1899-12-30"]
[Round "8.10"]
[White "Ciesielski, Jan"]
[Black "Kaminski, Antoni"]
[Result "1-0"]
[WhiteTitle "II+"]
[BlackTitle "II+"]
[WhiteElo "1784"]
[BlackElo "1611"]

1. e4 c5 2. Nf3 g6 3. d4 cxd4 4. Nxd4 Nc6 5. Nxc6 bxc6 6. Qd4 Nf6 7. e5 Nd5 8.
Bc4 Bg7 9. Bxd5 cxd5 10. Qxd5 Ba6 11. Nc3 O-O 12. Bg5 Rb8 13. O-O-O Rb7 14. Na4
h6 15. Bh4 g5 16. Bg3 e6 17. Qd4 Qb8 18. Nc5 Bb5 19. Nxb7 Qxb7 20. f3 Rc8 21.
h4 Rc4 22. Qe3 g4 23. Bf4 Qa6 24. Kb1 Kh7 25. Rd4 Rc8 26. fxg4 Bc6 27. Qd3+ Qxd3
28. Rxd3 Rc7 29. Rhd1 Ba4 30. b3 Bb5 31. Rd6 Bc6 32. R6d4 Bf8 33. g5 h5 34. Kb2
Bc5 35. Rc4 Bd5 36. Rc3 Ba3+ 37. Kxa3 Rxc3 38. Kb2 Rc7 39. g3 Kg6 40. c4 Bc6 41.
Kc3 Kf5 42. b4 Bd5 43. Rd4 Bc6 44. c5 a6 45. Kb3 Rb7 46. a3 Bb5 47. Rd1 Bc6 48.
Ra1 Bd5+ 49. Ka4 Rb5 50. Rd1 Bc6 51. Kb3 Rb7 52. Kc4 Bb5+ 53. Kd4 Ba4 54. Rg1
Kg4 55. Rf1 Bb5 56. Rf2 Kf5 57. Bd2+ Kg6 58. Rf6+ Kg7 59. Ke3 Ba4 60. Ke2 Bb5+
61. Ke1 Bd3 62. g4 hxg4 63. h5 Rb8 64. h6+ Kg8 65. Kf2 Bf5 66. Kg3 Rc8 67. Kf4
Bg6 68. Kxg4 Rb8 69. Rf4 Rb7 70. Rd4 Rc7 71. Rd6 Ra7 72. Be3 Rc7 73. Rxa6 Be4
74. b5 Bb7 75. Rd6 Bd5 76. a4 Ra7 77. Ra6 Rxa6 78. bxa6 Kf8 79. Kf4 Kg8 80. Bd2
Kf8 81. Ke3 Kg8 82. Kd4 Kf8 83. Kc3 Be4 84. a7 1-0

[Event "POLFINAL MISTRZOSTW POLSKI JUNIOROW 2016 - C15"]
[Site "Centrum Kongresow i Rekreacji Orle Gniazdo ul. Wrzosowa 28a, Szczyrk"]
[Date "1899-12-30"]
[Round "8.11"]
[White "Galuszka, Tomasz"]
[Black "Dyrda, Jakub"]
[Result "1-0"]
[WhiteTitle "II+"]
[BlackTitle "II"]
[WhiteElo "1752"]
[BlackElo "1575"]

1. e4 Nc6 2. d4 d5 3. Nc3 e6 4. Be3 Nf6 5. e5 Ne4 6. Nxe4 dxe4 7. c3 Qd5 8. Nh3
Ne7 9. Nf4 Qc6 10. Qb3 a6 11. g3 b6 12. Bg2 Bb7 13. O-O Nf5 14. Rfe1 Qd7 15. Rad1
O-O-O 16. Bc1 1-0

[Event "POLFINAL MISTRZOSTW POLSKI JUNIOROW 2016 - C15"]
[Site "Centrum Kongresow i Rekreacji Orle Gniazdo ul. Wrzosowa 28a, Szczyrk"]
[Date "1899-12-30"]
[Round "8.12"]
[White "Radecki, Adam"]
[Black "Butyrowski, Marcel"]
[Result "1-0"]
[WhiteTitle "I"]
[BlackTitle "I"]
[WhiteElo "1456"]
[BlackElo "1742"]

1. e4 c5 2. Nf3 Nc6 3. d4 cxd4 4. Nxd4 g6 5. c4 Nf6 6. Nc3 Nxd4 7. Qxd4 d6 8. f3
Bg7 9. Be3 O-O 10. Qd2 Qa5 11. Bd3 Be6 12. Rc1 Rfc8 13. b3 a6 14. Ne2 Qxd2+ 15.
Kxd2 Bd7 16. Rc2 Bc6 17. Nd4 Nd7 18. Rhc1 b6 19. Nxc6 Rxc6 20. b4 a5 21. c5 dxc5
22. bxc5 bxc5 23. Ke2 Rb8 24. a4 Rb4 25. Bb5 Rd6 26. Bxd7 Rxd7 27. Rxc5 h5 28.
R5c4 Rb2+ 29. R1c2 Rdb7 30. Bd2 Rb1 31. Bxa5 Rg1 32. Kf2 Rbb1 33. Bc7 Rgf1+ 34.
Kg3 e6 35. Bf4 Ra1 36. Rc8+ Kh7 37. Ra8 Ra3 38. Ra7 h4+ 39. Kxh4 e5 40. Bg5 Rfa1
41. Rxf7 Rxa4 42. Rcc7 Rf1 43. Rxg7+ Kh8 44. Rh7+ Kg8 45. Rcg7+ Kf8 46. Be7+ Ke8
47. Bb4 1-0

[Event "POLFINAL MISTRZOSTW POLSKI JUNIOROW 2016 - C15"]
[Site "Centrum Kongresow i Rekreacji Orle Gniazdo ul. Wrzosowa 28a, Szczyrk"]
[Date "1899-12-30"]
[Round "8.13"]
[White "Zolkiewski, Jakub"]
[Black "Wilk, Radoslaw"]
[Result "0-1"]
[WhiteTitle "I"]
[BlackTitle "II"]
[WhiteElo "1607"]
[BlackElo "1499"]

1. d4 d5 2. c4 e6 3. Nf3 f5 4. g3 Nf6 5. Bg2 c6 6. O-O Bd6 7. Nc3 O-O 8. Ne1 Nbd7
9. Nd3 Ne4 10. Qb3 Qe7 11. Bf4 Bxf4 12. Nxe4 fxe4 13. Nxf4 g5 14. Nh3 Nb6 15.
c5 Nc4 16. Qc2 e5 17. dxe5 Qxe5 18. b3 Na3 19. Qd2 h6 20. e3 h5 21. Kh1 Nb5 22.
a4 Nc7 23. Ng1 Bg4 24. f4 exf3 25. Bh3 f2 26. Bxg4 fxg1=Q+ 27. Kxg1 hxg4 28. Qd3
Ne6 29. b4 Rf3 30. Rxf3 gxf3 31. Rf1 Qe4 32. Qc3 g4 0-1

[Event "POLFINAL MISTRZOSTW POLSKI JUNIOROW 2016 - C15"]
[Site "Centrum Kongresow i Rekreacji Orle Gniazdo ul. Wrzosowa 28a, Szczyrk"]
[Date "1899-12-30"]
[Round "8.14"]
[White "Lendzion, Kamil"]
[Black "Guzik, Kacper"]
[Result "1-0"]
[WhiteTitle "II"]
[BlackTitle "II"]
[WhiteElo "1417"]
[BlackElo "1182"]

1. e4 e5 2. Nf3 Nc6 3. d4 exd4 4. Nxd4 Nxd4 5. Qxd4 h6 6. Bc4 Nf6 7. e5 d5 8. Bd3
Ng8 9. O-O Be6 10. Nc3 Ne7 11. Rd1 c6 12. Ne2 Nf5 13. Qf4 g5 14. Qf3 Nh4 15. Qf6
Qxf6 16. exf6 Bd6 17. Nd4 O-O-O 18. g3 Nf3+ 19. Nxf3 Bg4 20. Kg2 Rde8 21. Bd2
Bxf3+ 22. Kxf3 Be5 23. Bf5+ Kc7 24. Bc3 Bxc3 25. bxc3 Re5 26. g4 h5 27. Re1 hxg4+
28. Bxg4 Rhe8 29. Re3 Rxe3+ 30. fxe3 Re4 31. Bf5 Rc4 32. Rg1 Rxc3 33. Rxg5 d4
34. Bd3 dxe3 35. Re5 Kd6 36. Rxe3 Ra3 37. Bc4 Ra5 38. Re4 Rh5 39. h4 Rh6 40. Rf4
Ke5 41. Bxf7 Rxf6 42. Rxf6 Kxf6 43. Be8 c5 44. Kf4 Ke7 45. Ba4 Kf6 46. c4 a6 47.
Bc2 b5 48. cxb5 axb5 49. h5 Kg7 50. Ke5 c4 51. Kd4 Kf6 52. Kc5 Kg5 53. Kxb5 c3
54. a4 Kxh5 55. a5 Kg4 56. a6 1-0

[Event "POLFINAL MISTRZOSTW POLSKI JUNIOROW 2016 - C15"]
[Site "Centrum Kongresow i Rekreacji Orle Gniazdo ul. Wrzosowa 28a, Szczyrk"]
[Date "1899-12-30"]
[Round "8.15"]
[White "Zerebiec, Maurycy"]
[Black "Sloniewski, Michal"]
[Result "0-1"]
[WhiteTitle "II"]
[BlackTitle "I"]
[WhiteElo "1488"]
[BlackElo "1579"]

1. d4 Nf6 2. Nf3 g6 3. c4 Bg7 4. Nc3 d5 5. e3 O-O 6. Bd2 b6 7. cxd5 Nxd5 8. Bc4
Nxc3 9. Bxc3 c5 10. Rc1 Bb7 11. O-O cxd4 12. Nxd4 e5 13. Ne2 Qe7 14. Qb3 Rd8 15.
Rfd1 Nc6 16. Bd5 Rac8 17. e4 Nb8 18. Bb4 Qd7 19. Bc6 Qc7 20. Bd7 Qxc1 21. Rxc1
Rxc1+ 22. Nxc1 Rxd7 23. f3 Nc6 24. Ne2 Nxb4 25. Qxb4 Bf8 26. Qb5 Bc5+ 27. Nd4
Bxd4+ 28. Kf1 Rc7 29. Qe8+ Kg7 30. g4 Ba6+ 31. Ke1 Rc1+ 32. Kd2 Rg1 33. Qe7 Rg2+
34. Kd1 Be2+ 0-1

[Event "POLFINAL MISTRZOSTW POLSKI JUNIOROW 2016 - C15"]
[Site "Centrum Kongresow i Rekreacji Orle Gniazdo ul. Wrzosowa 28a, Szczyrk"]
[Date "1899-12-30"]
[Round "8.16"]
[White "Jordan, Adam"]
[Black "Golinski, Kacper"]
[Result "0-1"]
[WhiteTitle "II"]
[BlackTitle "II"]
[WhiteElo "1377"]
[BlackElo "1414"]

1. d4 d5 2. Nf3 e6 3. Bf4 Nf6 4. e3 Be7 5. Nbd2 O-O 6. Bd3 b6 7. Ne5 Bb7 8. g4
Nbd7 9. g5 Ne4 10. h4 c5 11. Bxe4 dxe4 12. c3 Rc8 13. Qg4 cxd4 14. cxd4 Rc2 15.
h5 Nxe5 16. Bxe5 Bd6 17. g6 Bxe5 18. gxf7+ Rxf7 19. Qd1 Rxb2 20. dxe5 Rd7 21.
Nc4 Rxd1+ 22. Rxd1 Qxd1+ 0-1

[Event "POLFINAL MISTRZOSTW POLSKI JUNIOROW 2016 - C15"]
[Site "Centrum Kongresow i Rekreacji Orle Gniazdo ul. Wrzosowa 28a, Szczyrk"]
[Date "1899-12-30"]
[Round "8.18"]
[White "Pospiech, Mateusz"]
[Black "Kosztyla, Mateusz"]
[Result "0-1"]
[WhiteTitle "III"]
[BlackTitle "II"]
[WhiteElo "1153"]
[BlackElo "1288"]

1. c4 e5 2. Nc3 Nf6 3. g3 Nc6 4. Bg2 Bc5 5. e3 d6 6. Nge2 Be6 7. b3 a6 8. d4 exd4
9. exd4 Bb4 10. d5 Bxc3+ 11. Nxc3 Bg4 12. f3 Qe7+ 13. Qe2 Nd4 14. Qxe7+ Kxe7 15.
O-O Bh5 16. Bg5 h6 17. Bxf6+ gxf6 18. Rae1+ Kf8 19. Re4 Nc2 20. Rc1 Nb4 21. Re3
Re8 22. Rxe8+ Kxe8 23. Bf1 Bg6 24. Rd1 Kd7 25. f4 Re8 26. Bh3+ Kd8 27. f5 Bh7
28. Kf2 h5 29. Re1 Nd3+ 30. Kg1 Rxe1+ 31. Bf1 Bxf5 32. Kg2 Bh3+ 33. Kxh3 Rxf1
34. Ne2 Ke7 0-1